| 000 | 00725cam a2200253 4500 | ||
|---|---|---|---|
| 001 | B2245 | ||
| 008 | 090401t1988 xxu||||| |||| 00| 0 eng d | ||
| 035 | _a(Sirsi) u48924 | ||
| 041 | _aeng | ||
| 050 | _a692.5 | ||
| 090 | _aRICS 1988/55ABCD | ||
| 110 |
_aRoyal Institution of Chartered Surveyors _94900 |
||
| 245 | 4 | _aThe RICS Property doctor : what will it cost? | |
| 260 |
_aLondon _bRoyal Institution of Chartered Surveyors _c1988 |
||
| 300 | _a8p. ; 21cm. | ||
| 350 | _a0 | ||
| 520 | _aProduced to accompany the BBC TV programme Bazaar . | ||
| 650 | _aCOSTS | ||
| 650 | _aPROPERTY MAINTENANCE | ||
| 650 | _aREPAIRS | ||
| 710 |
_aBritish Broadcasting Corporation _92877 |
||
| 942 | _n0 | ||
| 948 | _c04/03/1997 | ||
| 999 |
_c92434 _d92434 |
||